Nicaragua 1979-2007: transición a la democracia y perspectivas de su consolidación (versión en borrador) /
Na minha lista:
| Autor principal: | |
|---|---|
| Formato: | Texto |
| Tags: |
Adicionar Tag
Sem tags, seja o primeiro a adicionar uma tag!
|
MARC
| LEADER | 00000 a a2200000 04500 | ||
|---|---|---|---|
| 001 | 8905 | ||
| 003 | |||
| 040 | |||
| 100 | |a Rovira Mas, Jorge | ||
| 245 | |a Nicaragua 1979-2007: |b transición a la democracia y perspectivas de su consolidación (versión en borrador) / |c Jorge Rovira Mas | ||
| 773 | |g volumen 5, número 1; página 19 | ||
| 999 | |c 25125 |d 25125 | ||
